02820cam a22003258i 450000100090000000300050000900500170001400800410003101000170007202000310008903500130012004000340013304200080016705000230017508200220019810000310022024500740025126300090032526400560033430000450039033600260043533700280046133800270048950400510051650501270056752015800069465000410227465000280231577601510234321701064CSPC20250807111856.0200903s2021 nyu b 001 0 eng  a 2020040133 a9780367433963q(paperback) a21701064 aDLCbengerdacDLCdDLCdCSPC apcc00aNA2500b.A436 202100a720.72bAk14r2231 aAkšamija, Ajla,eauthor.10aResearch methods for the architectural profession /cAjla Akšamija. a2103 1aNew York, NY ;aAbingdon, Oxon :bRoutledge,c2021. aix, 213 pages :billustrations ;c25 cm. atextbtxt2rdacontent aunmediatedbn2rdamedia avolumebnc2rdacarrier aIncludes bibliographical references and index.0 aIntroduction -- Research process -- Research methods -- Integration of research in architectural practice -- Case studies. a"Research Methods for the Architectural Profession introduces research as a systematic process, describes how to formulate research questions, provides an in-depth explanation of different research methods (qualitative, quantitative, and experimental), explains how to select appropriate research methods, and execute research studies. It describes the process of documentation, knowledge dissemination, and application of research results in architectural design and practice. Most importantly, it provides guidelines for integrating research into profession, and uses extensive case-studies and practice-relevant examples to illustrate main concepts, procedures, and applications. Integrating research into practice is essential for developing new knowledge, solving design and technical problems, overcoming different types of challenges present in contemporary profession, and improving the design outcomes. Innovation requires a much stronger correlation between research and design, and it is pertinent for the future of architectural practice that research becomes an integral part of architectural profession. This book provides a roadmap for successfully integrating research into architectural design and for establishing innovative practices, regardless of a firm's size. Written by an architecture professor with extensive research and professional background-specifically focusing on integrating research into practice-and richly illustrated with over 150 color images, this reference will be useful for both students and practitioners"--cProvided by publisher. 0aArchitecturexResearchxMethodology. 0aArchitectural practice.08iOnline version:aAkšamija, Ajla.tResearch methods for the architectural professiondNew York : Routledge, 2021z9781003002932w(DLC) 2020040134